<?xml version="1.0" encoding="UTF-8"?><?xml-stylesheet type="text/xsl" href="static/style.xsl"?><OAI-PMH xmlns="http://www.openarchives.org/OAI/2.0/" xmlns:xsi="http://www.w3.org/2001/XMLSchema-instance" xsi:schemaLocation="http://www.openarchives.org/OAI/2.0/ http://www.openarchives.org/OAI/2.0/OAI-PMH.xsd"><responseDate>2026-06-06T19:20:49Z</responseDate><request verb="GetRecord" identifier="oai:riuma.uma.es:10630/29221" metadataPrefix="marc">https://riuma.uma.es/rest/oai/request</request><GetRecord><record><header><identifier>oai:riuma.uma.es:10630/29221</identifier><datestamp>2026-02-03T10:59:01Z</datestamp><setSpec>com_10630_2254</setSpec><setSpec>col_10630_37953</setSpec></header><metadata><record xmlns="http://www.loc.gov/MARC21/slim" xmlns:dcterms="http://purl.org/dc/terms/" xmlns:doc="http://www.lyncode.com/xoai" xmlns:xsi="http://www.w3.org/2001/XMLSchema-instance" xsi:schemaLocation="http://www.loc.gov/MARC21/slim http://www.loc.gov/standards/marcxml/schema/MARC21slim.xsd">
   <leader>00925njm 22002777a 4500</leader>
   <datafield ind2=" " ind1=" " tag="042">
      <subfield code="a">dc</subfield>
   </datafield>
   <datafield ind2=" " ind1=" " tag="720">
      <subfield code="a">Gil-Espinosa, Francisco Javier</subfield>
      <subfield code="e">author</subfield>
   </datafield>
   <datafield ind2=" " ind1=" " tag="720">
      <subfield code="a">López-Fernández, Iván</subfield>
      <subfield code="e">author</subfield>
   </datafield>
   <datafield ind2=" " ind1=" " tag="720">
      <subfield code="a">Espejo, Rubén</subfield>
      <subfield code="e">author</subfield>
   </datafield>
   <datafield ind2=" " ind1=" " tag="720">
      <subfield code="a">Burgueño, Rafael</subfield>
      <subfield code="e">author</subfield>
   </datafield>
   <datafield ind2=" " ind1=" " tag="260">
      <subfield code="c">2022-10-28</subfield>
   </datafield>
   <datafield ind2=" " ind1=" " tag="520">
      <subfield code="a">Purpose: To describe the curricular elements in blended physical education (PE) during the COVID-19 pandemic. Method: A survey of PE teachers was conducted regarding curricular elements related to content blocks, instruction, and assessment. A total of 174 Spanish secondary PE teachers (120 men and 54 women) participated in the survey. Results: For the nonface-to-face part, instruction relied mainly on challenge-based learning as an instructional strategy, the learning of the designed individual program as a teaching–learning style, health-based PE as a pedagogical model, and self-assessment as the most used assessment form. Discussion/Conclusion: The study describes an overview of the characteristics of the curricular elements used in the blended learning PE model in secondary education. Both the age of PE teachers and the socioeconomic level of the families are variables to consider.</subfield>
   </datafield>
   <datafield ind1="8" ind2=" " tag="024">
      <subfield code="a">Gil-Espinosa, F. J., López-Fernández, I., Espejo, R., &amp; Burgueño, R. (2022). Physical Education Curricular Elements in Blended Learning During the COVID-19 Pandemic. Journal of Teaching in Physical Education, 42(3), 525-534. https://doi.org/10.1123/jtpe.2021-0265</subfield>
   </datafield>
   <datafield ind1="8" ind2=" " tag="024">
      <subfield code="a">https://hdl.handle.net/10630/29221</subfield>
   </datafield>
   <datafield ind1="8" ind2=" " tag="024">
      <subfield code="a">10.1123/jtpe.2021-0265</subfield>
   </datafield>
   <datafield tag="653" ind2=" " ind1=" ">
      <subfield code="a">Educación física</subfield>
   </datafield>
   <datafield tag="653" ind2=" " ind1=" ">
      <subfield code="a">Evaluación educativa</subfield>
   </datafield>
   <datafield tag="653" ind2=" " ind1=" ">
      <subfield code="a">Enseñanza secundaria</subfield>
   </datafield>
   <datafield ind2="0" ind1="0" tag="245">
      <subfield code="a">Physical Education Curricular Elements in Blended Learning During the COVID-19 Pandemic.</subfield>
   </datafield>
</record>
</metadata></record></GetRecord></OAI-PMH>